Máme již pojišťovací trh? Aneb ohlédnutí za uplynulým rokem 1992.

Fungovanie českého poisťovacieho trhu v r. 1992. Množstvo a úroveň služieb ponúkaných občanom, podnikom, podnikateľom a ich sprostredkovateľom. Zvýšenie počtu registrovaných poisťovní. Príklad spracovania konkurenčných ponúk poistenia pre dvoch klientov. Kalkulácia sadzieb. Porovnanie výsledkov.

Gespeichert in:
Bibliographische Detailangaben
1. Verfasser: Menčík, L.
Format: Buchkapitel
Sprache:Tschechisch
Schlagworte:
Tags: Tag hinzufügen
Keine Tags, Fügen Sie das erste Tag hinzu!

MARC

LEADER 00000naa a2200000 4500
001 r012073
005 20220826094824.7
041 0 |a cze 
044 |a CZ 
245 1 0 |a Máme již pojišťovací trh? Aneb ohlédnutí za uplynulým rokem 1992.  |c L. Menčík 
520 |a Fungovanie českého poisťovacieho trhu v r. 1992. Množstvo a úroveň služieb ponúkaných občanom, podnikom, podnikateľom a ich sprostredkovateľom. Zvýšenie počtu registrovaných poisťovní. Príklad spracovania konkurenčných ponúk poistenia pre dvoch klientov. Kalkulácia sadzieb. Porovnanie výsledkov. 
610 2 0 |a poisťovne 
610 2 0 |a Čechy 
610 2 0 |a trh poistný 
610 2 0 |a služby 
610 2 0 |a kalkulácia 
610 2 0 |a porovnanie medzipodnikové 
610 2 0 |a 1992 
100 1 |a Menčík, L.